El Brexit en la cooperación transfronteriza entre Gibraltar, Campo de Gibraltar y Andalucía / (Registro nro. 173493)
[ vista simple ]
| 000 -LEADER | |
|---|---|
| fixed length control field | 01395cam a22003855i 4500 |
| 001 - CONTROL NUMBER | |
| control field | 23251246 |
| 006 - FIXED-LENGTH DATA ELEMENTS--ADDITIONAL MATERIAL CHARACTERISTICS--GENERAL INFORMATION | |
| fixed length control field | m o d |
| 007 - PHYSICAL DESCRIPTION FIXED FIELD--GENERAL INFORMATION | |
| fixed length control field | cr un ---uuuua |
| 008 - FIXED-LENGTH DATA ELEMENTS--GENERAL INFORMATION | |
| fixed length control field | 230522s2023 sp o 000 0 spa d |
| 010 ## - LIBRARY OF CONGRESS CONTROL NUMBER | |
| LC control number | 2023462593 |
| 020 ## - INTERNATIONAL STANDARD BOOK NUMBER | |
| International Standard Book Number | 9788411700443 |
| 020 ## - INTERNATIONAL STANDARD BOOK NUMBER | |
| International Standard Book Number | 9788411702225 |
| Qualifying information | (electrónico) |
| 035 ## - | |
| -- | 41922 |
| 040 ## - CATALOGING SOURCE | |
| Original cataloging agency | UtOrBLW |
| Language of cataloging | eng |
| Description conventions | rda |
| Transcribing agency | UtOrBLW |
| 042 ## - | |
| -- | pcc |
| 043 ## - | |
| -- | e-uk--- |
| 050 #4 - | |
| -- | HC240.25.G5 |
| -- | B74 2023 |
| 082 04 - | |
| -- | 341.24220941 |
| -- | 23 |
| 245 03 - TITLE STATEMENT | |
| Title | El Brexit en la cooperación transfronteriza entre Gibraltar, Campo de Gibraltar y Andalucía / |
| Statement of responsibility, etc | Inmaculada González García (directora) ; Miguel A. Acosta Sánchez [and others]. |
| 264 #1 - | |
| -- | [Madrid] : |
| -- | Dykinson, |
| -- | [2023] |
| 300 ## - PHYSICAL DESCRIPTION | |
| Extent | 1 online resource (449 pages) |
| 336 ## - | |
| -- | text |
| -- | txt |
| -- | rdacontent |
| 337 ## - | |
| -- | computer |
| -- | c |
| -- | rdamedia |
| 338 ## - | |
| -- | online resource |
| -- | cr |
| -- | rdacarrier |
| 490 1# - SERIES STATEMENT | |
| Series statement | Serie estudios internacionales y europeos de Cádiz |
| 610 20 - SUBJECT ADDED ENTRY--CORPORATE NAME | |
| Corporate name or jurisdiction name as entry element | European Union |
| Geographic subdivision | Gibraltar. |
| 610 20 - SUBJECT ADDED ENTRY--CORPORATE NAME | |
| Corporate name or jurisdiction name as entry element | European Union |
| Geographic subdivision | Spain |
| -- | Campo de Gibraltar Region. |
| 610 20 - SUBJECT ADDED ENTRY--CORPORATE NAME | |
| Corporate name or jurisdiction name as entry element | European Union |
| Geographic subdivision | Spain |
| -- | Andalusia. |
| 651 #0 - SUBJECT ADDED ENTRY--GEOGRAPHIC NAME | |
| Geographic name | Gibraltar |
| General subdivision | Foreign relations |
| Geographic subdivision | Spain. |
| 700 1# - ADDED ENTRY--PERSONAL NAME | |
| Personal name | González García, Inmaculada. |
| 830 #0 - | |
| -- | Serie de estudios internacionales y europeos de Cádiz. |
| 856 40 - LOCALIZACIÓN Y ACCESO ELECTRÓNICO | |
| Identificador Uniforme del Recurso (URI/URL) | https://app.vlex.com/#/sources/41922 |
| 942 ## - | |
| -- | RAA |
| 999 ## - | |
| -- | 173493 |
| -- | 173493 |
No hay ítems disponibles.